000 00463nam a2200145Ia 4500
008 100415s9999 xx 000 0 und d
082 _b11489
_a799(54)
100 _aTIKADER B. K.
245 _aThreatened animals of India: For Reference Only
260 _aCALCUTTA
_c1983
_bZOOLOGICAL SURVEY OF INDIA
365 _b150
630 _aThreatened animals of India: For Reference Only
730 _aThreatened animals of India: For Reference Only
942 _cBOOK
999 _c594412
_d594409